000 00793nam a2200205Ia 4500
999 _c41520
_d41520
001 8187
003 GE_BSU
005 20240216172102.0
008 181216s1949ge xx |||||||||||||| ||geo||
040 _cGE_BSU
041 _ageo
080 _a82-93 ე-27
100 _aევდოშვილი, იროდიონ
_915062
245 _aსაბავშვო მოთხრობები /
_bიროდიონ ევდოშვილი ; რედ. გ. მაისურაძე.
264 _aთბილისი :
_bსაბლიტგამი,
_c1949.
300 _a106 გვ;
_c19 სმ.
653 _aსაბავშვო მოთხრობები
700 _aმაისურაძე, გ
_eრედაქტორი
_915064
942 _cBK
_2udc